Catalog of type specimens of recent fishes in the National Museum of Natural History, Smithsonian Institution, 7: Chaenopsidae, Clinidae, Dactyloscopidae, Labrisomidae, and Tripterygiidae

Uloženo v:
Podrobná bibliografie
Hlavní autor: Springer, Víctor G
Další autoři: Orrell, Thomas M
Médium: Kniha
Jazyk:angličtina
Vydáno: Washington, D.C Smithsonian Institution Press 1996
Edice:Smithsonian Contributions to Zoology. 576
Témata:
Tagy: Přidat tag
Žádné tagy, Buďte první, kdo vytvoří štítek k tomuto záznamu!

MARC

LEADER 00000nam a2200000 a 4500
001 UCT5375
003 CL-VaPUC
005 20211028074320.0
008 961206e19960000US |||||||||||||||||eng|d
999 |c 254319  |d 254317 
040 |c Pontificia Universidad Católica de Valparaíso 
082 0 4 |a 598.074 SPR 1996  |2 21 
100 0 |a Springer, Víctor G  |9 374812 
245 1 0 |a Catalog of type specimens of recent fishes in the National Museum of Natural History, Smithsonian Institution, 7: Chaenopsidae, Clinidae, Dactyloscopidae, Labrisomidae, and Tripterygiidae 
260 |a Washington, D.C  |b Smithsonian Institution Press  |c 1996 
300 |a 38 páginas 
490 0 |a Smithsonian Contributions to Zoology.  |v 576 
583 |a last modification  |c 19961206 00:00:00  |k Rodrigo Vera 
600 0 7 |a MUSEO NACIONAL DE HISTORIA NATURAL  |2 CL-VaPUC  |9 354524 
650 0 |a Zoología  |9 261613 
650 7 |a PECES  |2 CL-VaPUC  |9 374814 
651 7 |a WASHINGTON  |2 CL-VaPUC  |9 324092  |z ESTADOS UNIDOS 
700 0 |a Orrell, Thomas M  |9 374813 
942 |c BK  |2 ddc 
945 |d 19961206 00:00:00  |a rleighto